zpět

Detail výsledku týmu

The Pub Praha 2 PO, Praha

Datum a čas kvízu

26.5 Celkem bodů Celkový počet nahraných bodů na tomto kvízu bez doplňovacích otázek.
8. Pořadí na kvízu Konečné umístění týmu na tomto kvízu.

Zaznamenané odpovědi

# Otázka Odpověď Body Výsledky
1. Ženevský odvolací soud potvrdi... Sabina Slonková, Jiří Kubík 1
2. Bývalý předseda vlády jedné ev... Rakousko, Sebastian Kurz 0
3. Letošní vyhlášení tuzemských k... Muriel 1
4. Španělská policie zatkla na ji... s viagrou (lékem na potenci) 1
5. 34letý trojnásobný mistr světa... Peter Sagan 0
6. Součástí televizního programu... Hodina pravdy 1
7. Která veřejně známá osobnost z... Ladislav Zibura 0
8. Mezi lety 1996 až 2006 vysílal... Videostop 1
9. V dnešní době je velmi populár... jednou 1
10. Kdo z uvedených nikdy nemodero... D 1